On stories, and other essays on literature /

Bibliographic Details
Main Author: Lewis, C. S. (Clive Staples), 1898-1963
Other Authors: Hooper, Walter
Format: Book
Language:English
Published: New York : Harcourt Brace Jovanovich, [1982]
Edition:1st ed.

MARC

Tag First Indicator Second Indicator Subfields
LEADER 00000pam a2200000 a 4500
001 in00000097659
005 20150924085341.0
008 820107s1982 nyu b 00010 eng
010 |a  81048014  
020 |a 015169964X 
020 |a 0156687887 (An Original Harvest/HBJ book : pbk.) 
035 |a (OCoLC)08109886 
035 |9 AAK9283AM 
039 0 |a 2  |b 3  |c 3  |d 3  |e 3 
040 |a DLC  |c DLC  |d TXA  |d UtOrBLW 
049 |a TXAM  |c [388840] 
050 0 0 |a PR6023.E926  |b O5 1982 
082 0 |a 809  |2 19 
100 1 |a Lewis, C. S.  |q (Clive Staples),  |d 1898-1963. 
245 1 0 |a On stories, and other essays on literature /  |c C.S. Lewis ; edited by Walter Hooper. 
250 |a 1st ed. 
264 1 |a New York :  |b Harcourt Brace Jovanovich,  |c [1982] 
264 4 |c ©1982 
300 |a xxi, 153 pages ;  |c 21 cm. 
336 |a text  |b txt  |2 rdacontent 
337 |a unmediated  |b n  |2 rdamedia 
338 |a volume  |b nc  |2 rdacarrier 
504 |a Includes bibliographical references. 
700 1 |a Hooper, Walter. 
999 |a MARS 
999 f f |s b85f95d0-4600-3af3-af4d-196a8f9209a2  |i 95d484c4-7008-3605-901f-4a4e151f2932  |t 0 
952 f f |p normal  |a Texas A&M University  |b College Station  |c Sterling C. Evans Library  |d Evans: Library Stacks  |t 0  |e PR6023.E926 O5 1982  |h Library of Congress classification  |i unmediated -- volume  |m A14806017620 
998 f f |a PR6023.E926 O5 1982  |t 0  |l Evans: Library Stacks